Handbook of antimicrobial therapy / (Record no. 113691)

MARC details
000 -LEADER
fixed length control field 00992nam a2200289 a 4500
008 - FIXED-LENGTH DATA ELEMENTS--GENERAL INFORMATION
fixed length control field
020 ## - INTERNATIONAL STANDARD BOOK NUMBER
International Standard Book Number 01903454 (pbk. )
049 ## - LOCAL HOLDINGS (OCLC)
Holding library MAIN
090 ## - LOCALLY ASSIGNED LC-TYPE CALL NUMBER (OCLC); LOCAL CALL NUMBER (RLIN)
Classification number (OCLC) (R) ; Classification number, CALL (RLIN) (NR) REF RM262
Local cutter number (OCLC) ; Book number/undivided call number, CALL (RLIN) HAN
003 - CONTROL NUMBER IDENTIFIER
control field
005 - DATE AND TIME OF LATEST TRANSACTION
control field 20230120203916.0
040 ## - CATALOGING SOURCE
Transcribing agency NUST
245 00 - TITLE STATEMENT
Title Handbook of antimicrobial therapy /
Statement of responsibility, etc. [editor, Mark Abramowicz].
246 ## - VARYING FORM OF TITLE
Title proper/short title The Medical letter on drugs and therapeutics.
260 ## - PUBLICATION, DISTRIBUTION, ETC.
Place of publication, distribution, etc. New Rochelle :
Name of publisher, distributor, etc. The Medical Letter,
Date of publication, distribution, etc. 1994.
300 ## - PHYSICAL DESCRIPTION
Extent 172 p. ;
Dimensions 17 cm.
504 ## - BIBLIOGRAPHY, ETC. NOTE
Bibliography, etc. note Includes bibliographical references.
500 ## - GENERAL NOTE
General note Includes index.
650 #0 - SUBJECT ADDED ENTRY--TOPICAL TERM
Topical term or geographic name entry element Anti-Infective Agents
General subdivision Therapeutic use
-- Handbooks.
650 #0 - SUBJECT ADDED ENTRY--TOPICAL TERM
Topical term or geographic name entry element Antibiotics
General subdivision Therapeutic use
-- Handbooks.
650 #0 - SUBJECT ADDED ENTRY--TOPICAL TERM
Topical term or geographic name entry element Chemotherapy
General subdivision Handbooks.
700 1# - ADDED ENTRY--PERSONAL NAME
Personal name Abramowicz, Mark.
730 0# - ADDED ENTRY--UNIFORM TITLE
Uniform title Medical letter on drugs and therapeutics.
740 4# - ADDED ENTRY--UNCONTROLLED RELATED/ANALYTICAL TITLE
Uncontrolled related/analytical title The Medical letter handbook of antimicrobial therapy.
907 ## - LOCAL DATA ELEMENT G, LDG (RLIN)
a .b10187613
b 02-10-15
c 25-01-06
942 ## - ADDED ENTRY ELEMENTS (KOHA)
Koha item type Ordinary Loan Books
Call number prefix REF RM262
Call number suffix HAN
Holdings
Date last seen Total Checkouts Full call number Barcode Accession number Cost, replacement price Price effective from Koha item type Public note Lost status Source of classification or shelving scheme Damaged status Not for loan Collection Withdrawn status Home library Current library Shelving location Date acquired Source of acquisition Cost, normal purchase price
01/20/2023   REF RM262 HAN 92003036311 16170 30.00 05/16/2023 BOOKS Donation   LCC     NFIC   Medical Medical GEN 05/16/2023 Book Aid International 30.00